الفتوحات الملكية / (Record no. 6846)
[ view plain ]
| 000 -الفاتح | |
|---|---|
| حقل البيانات ثابتة الطول | 01671nac a22003971u 4500 |
| 003 - محدد رقم الضبط | |
| رقم الضبط | EG-ScBUE |
| 005 - وقت وتاريخ اخر تعامل مع التسجيلة | |
| رقم الضبط | 20211011102146.0 |
| 008 - عناصر البيانات ثابتة الطول - معلومات عامة | |
| حقل البيانات ثابتة الطول | 100810k19831988ua f 00010 ara d |
| 017 ## - رقم الإيداع القانونى | |
| رقم الإيداع القانونى | 1987/7945 |
| -- | 1983/1693 |
| 020 ## - الرقم الدولى المعيارى للكتب | |
| الرقم الدولى المعيارى للكتاب | 9770120219 (ج. 12) |
| 020 ## - الرقم الدولى المعيارى للكتب | |
| الرقم الدولى المعيارى للكتاب | 9770136788 (ج. 6) |
| 020 ## - الرقم الدولى المعيارى للكتب | |
| الرقم الدولى المعيارى للكتاب | 9770115878 (ج. 11) |
| 020 ## - الرقم الدولى المعيارى للكتب | |
| الرقم الدولى المعيارى للكتاب | 977011427 (ج. 8) |
| 040 ## - مصدر الفهرسة | |
| وكالة الفهرسة الأصلية | EG-ScBUE |
| لغة الفهرسة | ara |
| قواعد الوصف | rda |
| وكالة النسخ | EG-ScBUE |
| وكالة التعديل | EG-ScBUE |
| 082 04 - رقم تصنيف ديوى العشرى | |
| رقم التصنيف | 297.4 |
| رقم المادة | ع ر ب |
| رقم الطبعة | 22 |
| 100 0# - المدخل الرئيسى - إسم شخصى | |
| الإسم الشخصى | ابن العربي، |
| التواريخ المصاحبة للاسم | 560-638 هـ.، |
| الدور | مؤلف. |
| 9 (RLIN) | 15018 |
| 245 12 - بيان العنوان | |
| العنوان | الفتوحات الملكية / |
| بيان المسئوليه,etc | محي الدين بن عربي ؛ تحقيق وتقديم د. عثمان يحيى ؛ تصدير ومراجعة د. إبراهيم مدكور. |
| 264 #1 - النشر، التوزيع | |
| مكان الناشر او الموزع | القاهرة : |
| اسم الناشر او الموزع | الهيئة المصرية العامة للكتاب، |
| تاريخ النشر أو التوزيع | 1983-1988. |
| 300 ## - الوصف المادى | |
| التعداد | 12 مجلد ؛ |
| أبعاد الوعاء | 30 سم. |
| 336 ## - نوع المحتوى | |
| source | rdacontent |
| Carrier Type Term | نص |
| Content Type Code | txt |
| 337 ## - نوع الوسيط | |
| source | rdamedia |
| Media Type Term | بدون وسيط |
| Media Type Code | n |
| 338 ## - نوع الحامل أو الناقل | |
| source | rdacarrier |
| Carrier Type Term | مجلد |
| Carrier Type Code | nc |
| 490 0# - بيان السلسلة | |
| عنوان السلسلة | المكتبة العربية |
| 500 ## - تبصرة عامة | |
| تبصرة عامة | يشتمل علي كشافات. |
| 505 0# - تبصرة محتويات-الفهرس | |
| تبصرة المحتويات المصاغة | المجلد السادس -- المجلد الثامن -- المجلد الحادي عشر -- المجلد الثاني عشر. |
| 541 ## - تبصرة المصدر المباشر للتزويد | |
| طريقة التزويد | إهداء. |
| 650 #7 - المدخل الاضافى بالموضوع-مصطلح موضوعى | |
| مصطلح موضوعي أو اسم جغرافي كعنصر مدخل | التصوف الإسلامي. |
| مصدر الرأس أو المصطلح | BUEsh |
| 9 (RLIN) | 16733 |
| 651 ## - المدخل الاضافى بالموضوع - اسم جغرافى | |
| مصدر الرأس أو المصطلح | BUEsh |
| 653 ## - مصطلح تكشيفى غير مقيد | |
| Resource For college | Generalities |
| Arrived date list | October2021 |
| 655 ## - مصطلح تكشيفى-نوع/شكل | |
| التقسيم الفرعي الشكلي | Reading book |
| -- | 34232 |
| 700 1# - المدخل الاضافى - اسم شخصى | |
| الإسم الشخصى | يحيى، عثمان، |
| 9 (RLIN) | 16475 |
| الدور | محقق، |
| -- | مقدم. |
| 700 1# - المدخل الاضافى - اسم شخصى | |
| الإسم الشخصى | مدكور، إبراهيم، |
| الدور | مصدر، |
| -- | مراجع. |
| 710 2# - المدخل الاضافى - اسم هيئه | |
| 9 (RLIN) | 16070 |
| اسم الهيئة أو اسم السلطة كمدخل | المجلس الأعلى للثقافة. |
| 740 ## - المدخل الاضافى - عنوان مرتبط/تحليلى غير مقيد | |
| العنوان التحليلي/ الرابط غير مقيد | Maahad Al Derasat Al Olyaa Fe Al Sorbonne |
| 942 ## - عناصر المدخل الإضافي( كوها) | |
| Koha [default] item type | Book - Borrowing |
| مصدر التصنيف او مخطط الترفيف | Dewey Decimal Classification |
| حالة التراجع | حالة الفقد | مصدر التصنيف او خطة الترفيف | حالة تلف | ليس للاعارة | المكان الدائم | المكان الحالي | موقع الترفيف | تاريخ الاكتساب | رقم الاستدعاء | الباركود | Date last seen | نوع الوعاء | تبصرة عامة | مجموعات كوها | Source of acquisition |
|---|---|---|---|---|---|---|---|---|---|---|---|---|---|---|---|
| Dewey Decimal Classification | Central Library | Central Library | Lower Floor | 10/08/2010 | 297.4 ع ر ب | 000008457 | 15/07/2025 | Book - Borrowing | |||||||
| Dewey Decimal Classification | Central Library | Central Library | Lower Floor | 02/03/2011 | 297.4 ع ر ب | 000008460 | 15/07/2025 | Book - Borrowing | السفر 6 | ||||||
| Dewey Decimal Classification | Central Library | Central Library | Lower Floor | 02/03/2011 | 297.4 ع ر ب | 000008642 | 18/08/2021 | Book - Borrowing | السفر 4 | ||||||
| Dewey Decimal Classification | Central Library | Central Library | Lower Floor | 02/03/2011 | 297.4 ع ر ب | 000008459 | 18/08/2021 | Book - Borrowing | السفر 5 | ||||||
| Dewey Decimal Classification | Central Library | Central Library | Lower Floor | 11/09/2011 | 297.4 ع ر ب | 000021069 | 15/07/2025 | Book - Borrowing | السفر 10 | Alef-Baa | |||||
| Dewey Decimal Classification | Central Library | Central Library | Lower Floor | 11/10/2021 | 297.4 ع ر ب | 000050812 | 15/07/2025 | Book - Borrowing | السفر 8 | Donation-Gift | Donation | ||||
| Dewey Decimal Classification | Central Library | Central Library | Lower Floor | 11/10/2021 | 297.4 ع ر ب | 000050813 | 15/07/2025 | Book - Borrowing | السفر 11 | Donation-Gift | Donation |